Personnages mythologiques par image - Statistiques

Statistiques générales
  • Ce quiz a été pris 53 fois
  • Le résultat moyen est 6 sur 10
Statistiques - réponses
Par images Réponse % Correct
Ulysse
96%
Artémis
73%
Oedipe
71%
Poseidon
67%
Héraclès
64%
Jason
56%
Persée
49%
Hermès
29%
Héphaïstos
24%
Dionysos
22%
Aucun quiz correspondant
Distribution des résultats
% des personnes avec chaque résultat
Percentile par nombre de réponses
Votre historique - résultats
Vous n’avez pas pris ce quiz